01083cam a22002411a 4500001001300000003000400013005001700017008004100034010001700075035002000092040005300112042001200165050002700177100003000204245009300234260003300327300002000360490007900380500009200459501020300551610002100754830006600775e 20000198 DLC20260227111211.0860723s1919 dcu f000 0 eng c ae 20000198  a(OCoLC)13919848 aLibrary, U.S. Bur. of EducationcABAUdABAUdDLC apremarc00aL111b.A6 1919, no. 531 aOrr, William,d1860-1939.10aEducational work of the Young Men's Christian Associations, 1916-1918 /cby William Orr. aWashington :bG.P.O.,c1919. a60 p. ;c23 cm.1 aBulletin / Department of the Interior, Bureau of Education ;v1919, no. 53 a"Advance sheets from the Biennial survey of education in the United States, 1916-1918." aCopies 1 and 2 with: Application of commercial advertising methods to university extension / Mary Burchard Orvis. Washington : Govt. Print. Off., 1919. Bound together subsequent to publication.5DLC20aYMCA of the USA. 0aBulletin (United States. Bureau of Education) ;v1919, no. 53